| 000 | 00467cam a2200169 a 4500 | ||
|---|---|---|---|
| 001 | 000006330 | ||
| 005 | 20200929153922.0 | ||
| 008 | 910523s1961 fr 000 0 fre d | ||
| 040 |
_aDO-SdBNP _bspa _cBNPHU |
||
| 082 |
_a843.914 _bV843a |
||
| 100 | 1 |
_aVivran. _917644 |
|
| 245 | 1 | 2 |
_aL'aigle royal : _broman / _cVivran. |
| 260 |
_aParis : _bRobert Laffont, _c1961. |
||
| 300 |
_a218 p. ; _c18 cm. |
||
| 650 | 4 |
_aNovela francesa _91075 |
|
| 650 | 4 |
_aLiteratura francesa _91074 |
|
| 999 |
_c6125 _d6125 |
||